| 000 | 00529nam a2200205Ia 4500 | ||
|---|---|---|---|
| 008 | 180523s9999 xx 000 0 und d | ||
| 020 | _a978-128-5919-40-9 | ||
| 050 | _aMAIN HD 58.7 | ||
| 050 | _b.D83 2013 | ||
| 100 | _aDubrin, Andrew J. | ||
| 245 | 0 | _aPrinciples of organizational behavior / | |
| 245 | 0 | _cAndrew J. Dubrin | |
| 260 | _aSingapore : | ||
| 260 | _bCengage Learning, | ||
| 260 | _c2013 | ||
| 300 | _a340 pages : | ||
| 300 | _billustrations ; | ||
| 300 | _c26 cm. | ||
| 650 | _aOrganizational behavior. | ||
| 999 |
_c356910 _d356910 |
||